000
00236nam a2200097Ia 4500
001
654616
005
20250826154521.0
008
250824s9999 xx 000 0 und d
245
0
_a
ORMANIN KALBİNDEKİ ÇOCUK
_c
JOHN BOYNE
260
_b
TUDEM
999
_c
654616
_d
654616